Politycy z Polskiego Stronnictwa Ludowego - nagła śmierć - Statystyki

Ogólne statystyki
  • Ten quiz został rozwiązany 90 razy
  • Średni wynik to 5 z 7
Answers on the Grid
Answers color-coded by a green-red scale on the quiz's grid according to % correct below.
Władysław Kosiniak-Kamysz
Rafał Trzaskowski
Grzegorz Braun
Waldemar Pawlak
Andrzej Duda
Ryszard Petru
Piotr Zgorzelski
Sławomir Mentzen
Marek Sawicki
Krzysztof Bosak
Magdalena Ogórek
Jarosław Kaczyński
Czesław Siekierski
Michał Kołodziejczak
Antoni Macierewicz
Janusz Piechociński
Borys Budka
Zbigniew Ziobro
Krzysztof Hetman
Barbara Nowacka
 
Statystyki odpowiedzi
Odpowiedź % Poprawnych
Władysław Kosiniak-Kamysz
99%
Waldemar Pawlak
89%
Marek Sawicki
80%
Piotr Zgorzelski
77%
Czesław Siekierski
72%
Krzysztof Hetman
64%
Janusz Piechociński
61%
Nie znaleziono quizów pasujących do podanych kryteriów
Rozkład punktacji
Procent ludzi z każdym wynikiem
Percentyl według liczby udzielonych odpowiedzi
Twoja historia wyników
Nie rozwiązałeś tego quizu